| 000 | 00801nam a2200265Ia 4500 | ||
|---|---|---|---|
| 001 | Para_7058 | ||
| 003 | CHAP | ||
| 008 | 220125s1959 xx 000 0 und d | ||
| 010 | _a205885 | ||
| 040 | _cCHAP | ||
| 082 | _aPA 633.6 C6 1959 | ||
| 111 |
_aCongreso de la Sociedad Internacional de Tecnológos Azucareros (10: 1959: Honolulu, Hawai) _9172012 |
||
| 245 |
_aInforme / _c por Instituto para el mejoramiento de la Producción de Azúcar |
||
| 260 |
_aMéxico : _b El Instituto |
||
| 300 | _av. | ||
| 650 |
_aAzúcar _x congresos _99146 |
||
| 650 |
_aCaña de azúcar _x congresos _918590 |
||
| 901 | _aPA 633.6 C6 1959 | ||
| 902 | _aA | ||
| 905 | _a0000001959 0000000000 00 | ||
| 910 | _a1959 | ||
| 942 | _cPARA | ||
| 942 |
_cPARA _d1 |
||
| 999 |
_c205885 _d205885 |
||